| Tag |
First Indicator |
Second Indicator |
Subfields |
| LEADER |
00000cam a2200000Ia 4500 |
| 001 |
in00000063431 |
| 005 |
20230822113303.0 |
| 008 |
820324s1954 nyu b 000 0 eng d |
| 010 |
|
|
|a 54011807
|
| 019 |
|
|
|a 1371410
|a 23675755
|a 1045737752
|a 1116222934
|a 1136427581
|a 1179405632
|a 1223576747
|a 1223719145
|a 1239625366
|
| 029 |
1 |
|
|a AU@
|b 000009821034
|
| 029 |
1 |
|
|a GBVCP
|b 196539714
|
| 029 |
1 |
|
|a HEBIS
|b 212599372
|
| 029 |
1 |
|
|a NZ1
|b 13705915
|
| 029 |
1 |
|
|a NZ1
|b 4828943
|
| 029 |
1 |
|
|a AU@
|b 000055659518
|
| 029 |
1 |
|
|a AU@
|b 000059894094
|
| 035 |
|
|
|a (OCoLC)ocm08270908
|
| 035 |
|
|
|a (OCoLC)8270908
|z (OCoLC)1371410
|z (OCoLC)23675755
|z (OCoLC)1045737752
|z (OCoLC)1116222934
|z (OCoLC)1136427581
|z (OCoLC)1179405632
|z (OCoLC)1223576747
|z (OCoLC)1223719145
|z (OCoLC)1239625366
|
| 035 |
|
|
|a (OCoLC)ocm08270908
|
| 040 |
|
|
|a IHT
|b eng
|c IHT
|d OCLCQ
|d LVB
|d OCLCF
|d P4I
|d OCLCQ
|d OCLCO
|
| 043 |
|
|
|a n-us---
|
| 050 |
|
4 |
|a HM22.U5
|b H5 1954
|
| 082 |
|
4 |
|a 301
|
| 100 |
1 |
|
|a Hinkle, Roscoe C.
|
| 245 |
1 |
4 |
|a The development of modern sociology :
|b its nature and growth in the United States /
|c by Roscoe C. Hinkle, Jr., and Gisela J. Hinkle.
|
| 260 |
|
|
|a New York :
|b Random House,
|c 1954.
|
| 300 |
|
|
|a vi, 74 pages ;
|c 23 cm.
|
| 336 |
|
|
|a text
|b txt
|2 rdacontent
|
| 337 |
|
|
|a unmediated
|b n
|2 rdamedia
|
| 338 |
|
|
|a volume
|b nc
|2 rdacarrier
|
| 490 |
1 |
|
|a Studies in sociology
|
| 504 |
|
|
|a Bibliographical footnotes. "Selected readings": page 74.
|
| 650 |
|
0 |
|a Sociology
|z United States
|x History.
|
| 650 |
|
6 |
|a Sociologie
|z États-Unis
|x Histoire.
|
| 650 |
|
7 |
|a Sociology.
|2 fast
|0 (OCoLC)fst01123875
|
| 651 |
|
7 |
|a United States.
|2 fast
|0 (OCoLC)fst01204155
|
| 655 |
|
7 |
|a History.
|2 fast
|0 (OCoLC)fst01411628
|
| 700 |
1 |
|
|a Hinkle, Gisela J.
|
| 830 |
|
0 |
|a Studies in sociology.
|
| 948 |
|
|
|h HELD BY TXA - 273 OTHER HOLDINGS
|
| 994 |
|
|
|a Z0
|b TXA
|
| 999 |
f |
f |
|s d319c533-0f38-367e-9db3-3f5f01188b25
|i 698386b2-8934-3973-88f4-aa663bfb584c
|t 0
|
| 952 |
f |
f |
|p ric
|a Texas A&M University
|b Rellis Campus
|c Joint Library Facility
|s JLF
|d Remote Storage
|t 0
|e HM22.U5 H5 1954b
|h Library of Congress classification
|i unmediated -- volume
|m A14800632472
|